000 00385nam a2200145Ia 4500
008 230917s9999||||xx |||||||||||||| ||und||
040 _e210085
_aMAIN
041 _aEnglish
082 _a155.5 R129L
100 _aRahar, Poonam
245 0 _aLocus of control, aggression and general health of adolescents: A correlational study
260 _c2011
300 _a58 p.
942 _cTH
999 _c126063
_d126063